Welch ein september: P Joseph Kentenich' 85

Guardat en:
Dades bibliogràfiques
Autors principals: Pollak, Getrud (Autor), Alliende Luco, Joaquín (Autor)
Format: Llibre
Idioma:alemany
espanyol
anglès
portuguès
Publicat: s.l Patris Verlag 1986
Edició:1a. ed
Matèries:
Etiquetes: Afegir etiqueta
Sense etiquetes, Sigues el primer a etiquetar aquest registre!

MARC

LEADER 00000cam a2200000 a 4500
001 UCC0155
003 CL-VaPUC
005 20250227130634.0
008 170721e19860000gw |||||||||||||||||ger|d
999 |c 369090  |d 369088 
020 |a 3876201268 
040 |c Pontificia Universidad Católica de Valparaíso 
041 0 7 |a ger  |2 CL-VaPUC 
041 0 7 |a spa  |2 CL-VaPUC 
041 0 7 |a eng  |2 CL-VaPUC 
041 0 7 |a por  |2 CL-VaPUC 
082 0 4 |a 248.8942  |b POL  |2 21 
100 0 |a Pollak, Getrud  |e author  |9 594091 
245 1 0 |a Welch ein september: P Joseph Kentenich' 85 
246 1 0 |a Qué septiembre... 
246 1 0 |a What a september 
246 1 0 |a Que setembro... 
250 |a 1a. ed 
260 |a s.l  |b Patris Verlag  |c 1986 
300 |a 256 p 
583 |a last modification  |c 20170721 23:47:00  |k Rodrigo Vera 
600 |a Kentenich, José  |d 1885-1968  |9 859103 
650 0 |a Vida cristiana  |9 258753 
700 0 |a Alliende Luco, Joaquín  |e author  |9 594092 
852 |a BIBCUR 
942 |c BK  |2 ddc 
945 |d 20170721 23:47:00  |a arojas 
952 |0 0  |1 0  |3 erd  |4 0  |6 248_894200000000000_POL_1986  |7 0  |8 X  |9 484638  |a FDOBUD  |b FDOBUD  |i 5407877  |o 248.8942 POL 1986  |p 5407877  |r 2019-11-24  |w 2019-11-24  |y BK_X  |z Catalogado en:20170721  |k BUD